000 00665nam a2200181Ia 4500
008 151018s9999 xx 000 0 und d
082 _bRBASDV9069
_a891.462
100 _aप्रभू बबन
245 _aझोपी गेलेला जागा झाला
250 _b3
260 _b"मॅजेस्टीक पब्लिशिंग हाऊस, ठाणे "
_c1973
300 _a97
600 _aप्रभू बबन
630 _aझोपी गेलेला जागा झाला
700 _aप्रभू बबन
730 _aझोपी गेलेला जागा झाला
942 _cBOOK
999 _c1011433
_d1011430